[Event "Novosibirsk Siberia IM"]
[Site "Novosibirsk"]
[Date "2016.07.23"]
[Round "4"]
[White "Petrukhina, Olga"]
[Black "Karimov, Adkhamzhan"]
[Result "1-0"]
[WhiteElo "2100"]
[BlackElo "2091"]
[PlyCount "69"]
[EventDate "2016.07.20"]
[EventType "tourn"]
[EventRounds "9"]
[EventCountry "RUS"]
[SourceTitle "EXT 2017"]
[Source "ChessBase"]
[SourceDate "2016.10.25"]
[SourceVersion "1"]
[SourceVersionDate "2016.10.25"]
[SourceQuality "1"]

1. d4 g6 2. g3 Bg7 3. Bg2 d6 4. Nf3 Nc6 5. 0-0 e5 6. dxe5 Nxe5 7. Nxe5 Bxe5 8. Nc3 h5 9. h4 Bg7 10. Bg5 f6 11. Qd4 Qe7 12. Bf4 Qf7 13. Nb5 a6 14. Qe3+ Kf8 15. Qa3 Bh6 16. Nxc7 Bxf4 17. Nxa8 Be5 18. Rad1 f5 19. Nb6 Be6 20. f4 Bf6 21. Nd5 Bxd5 22. Bxd5 Qe7 23. Bf3 Qf7 24. Qxd6+ Be7 25. Qd5 Nf6 26. Qxf7+ Kxf7 27. Bxb7 Bc5+ 28. Kg2 Ng4 29. Rf3 Kf6 30. Rd5 Ne3+ 31. Rxe3 Bxe3 32. Bxa6 Rb8 33. b3 Rb6 34. Bc4 Rc6 35. a4 1-0

[Event "Novosibirsk Siberia IM"]
[Site "Novosibirsk"]
[Date "2016.07.20"]
[Round "1"]
[White "Karimov, Adkhamzhan"]
[Black "Antonenko, Vladimir Georgievic"]
[Result "0-1"]
[WhiteElo "2091"]
[BlackElo "2308"]
[PlyCount "134"]
[EventDate "2016.07.20"]
[EventType "tourn"]
[EventRounds "9"]
[EventCountry "RUS"]
[SourceTitle "EXT 2017"]
[Source "ChessBase"]
[SourceDate "2016.10.25"]
[SourceVersion "1"]
[SourceVersionDate "2016.10.25"]
[SourceQuality "1"]

1. e4 c5 2. Nc3 Nc6 3. g3 g6 4. Bg2 Bg7 5. Nge2 e5 6. d3 Nge7 7. Be3 d6 8. Qd2 Nd4 9. 0-0 0-0 10. Rac1 Bg4 11. f3 Be6 12. b3 d5 13. Bh6 Qd7 14. Bxg7 Kxg7 15. exd5 Nxd5 16. f4 Nxc3 17. Nxc3 exf4 18. Qxf4 f6 19. Rf2 Rac8 20. Rcf1 Qc7 21. Qd2 Rce8 22. Ne4 f5 23. Nc3 b6 24. a4 Rf7 25. Ne2 Rfe7 26. Nc3 a6 27. Ne2 Qd6 28. Nxd4 cxd4 29. Re2 Bd7 30. Rxe7+ Qxe7 31. Kf2 f4 32. gxf4 Qh4+ 33. Kg1 Qg4 34. h3 Re2 35. hxg4 Rxd2 36. f5 Rxc2 37. f6+ Kf8 38. Rf4 Be6 39. Rxd4 Kf7 40. Rb4 b5 41. axb5 axb5 42. Rxb5 Bxg4 43. Rb6 Be6 44. d4 h5 45. d5 Bf5 46. d6 Rd2 47. Rb5 Rxd6 48. Kf2 Kxf6 49. Bf3 h4 50. Rb8 Ke5 51. Rb5+ Kf4 52. Rb4+ Kg5 53. Rb8 Rd2+ 54. Ke3 Rd3+ 55. Kf2 Kf4 56. Rb4+ Kg5 57. Rb8 Rc3 58. Rb7 Rc2+ 59. Ke3 Rc3+ 60. Kf2 Be6 61. Rb5+ Kf6 62. b4 g5 63. Rb6 Ke5 64. Rb8 g4 65. Bh1 g3+ 66. Ke2 h3 67. Rb5+ Kf4 0-1

[Event "Siberia Int A"]
[Site "Novosibirsk"]
[Date "2008.07.22"]
[Round "3"]
[White "Karimov, Adkhamzhan"]
[Black "Giljazitdinov, Eduard"]
[Result "1/2-1/2"]
[WhiteElo "2114"]
[BlackElo "2143"]
[PlyCount "46"]
[EventDate "2008.07.20"]
[EventType "tourn"]
[EventRounds "9"]
[EventCountry "RUS"]
[SourceTitle "EXT 2022"]
[Source "ChessBase"]
[SourceDate "2021.10.06"]
[SourceVersion "1"]
[SourceVersionDate "2021.10.06"]
[SourceQuality "1"]

1. e4 e5 2. Nf3 Nf6 3. Nc3 Nc6 4. d4 exd4 5. Nxd4 Bb4 6. Nxc6 bxc6 7. Bd3 d5 8. exd5 0-0 9. 0-0 cxd5 10. Bd2 c5 11. Re1 c4 12. Bf1 Bc5 13. Qf3 Bg4 14. Qg3 Qd7 15. h3 Bf5 16. Bg5 Ne4 17. Nxe4 Bxe4 18. c3 Rab8 19. Rad1 Rxb2 20. Be3 Bd6 21. Qh4 Qc7 22. Re2 Rb7 23. Red2 Rb1 1/2-1/2

[Event "Novosibirsk Polyak Memorial"]
[Site "Novosibirsk"]
[Date "2008.01.22"]
[Round "2"]
[White "Chugaev, Konstantin"]
[Black "Karimov, Adkhamzhan"]
[Result "0-1"]
[WhiteElo "2056"]
[BlackElo "2114"]
[PlyCount "80"]
[EventDate "2008.01.21"]
[EventType "tourn"]
[EventRounds "9"]
[EventCountry "RUS"]
[SourceTitle "EXT 2010"]
[Source "ChessBase"]
[SourceDate "2010.11.25"]
[SourceVersion "1"]
[SourceVersionDate "2010.11.25"]
[SourceQuality "1"]

1. e4 e6 2. d4 d5 3. exd5 exd5 4. Bd3 Bd6 5. Qf3 Ne7 6. Bf4 0-0 7. Ne2 Nbc6 8. c3 Be6 9. h3 Qd7 10. g4 Ng6 11. Nd2 Nce7 12. Bxd6 Qxd6 13. 0-0-0 Nh4 14. Qe3 Neg6 15. Qg3 Qd7 16. f4 f5 17. Rhg1 a5 18. Nf3 Nxf3 19. Qxf3 b5 20. Rdf1 b4 21. Qe3 fxg4 22. hxg4 Bxg4 23. Ng3 bxc3 24. f5 Qe7 25. Qf2 Qg5+ 26. Kc2 cxb2 27. Qg2 Nf4 28. Rxf4 Qxf4 29. Nh5 Qxd4 30. Qxg4 b1Q+ 31. Kxb1 Qxd3+ 32. Kc1 Qc3+ 33. Kd1 Qa1+ 34. Kc2 Qxa2+ 35. Kc3 Qa3+ 36. Kc2 Qc5+ 37. Kd1 Rf7 38. Nxg7 Kh8 39. Nh5 Rb8 40. Rg2 Rb1+ 0-1

[Event "Novosibirsk Region op"]
[Site "Novosibirsk"]
[Date "2007.12.10"]
[Round "6"]
[White "Tuzhik, Artem"]
[Black "Karimov, Adkhamzhan"]
[Result "1/2-1/2"]
[WhiteElo "2316"]
[BlackElo "2168"]
[PlyCount "148"]
[EventDate "2007.12.05"]
[EventType "swiss"]
[EventRounds "9"]
[EventCountry "RUS"]
[SourceTitle "CBM 122 Extra"]
[Source "ChessBase"]
[SourceDate "2008.03.04"]
[SourceVersion "1"]
[SourceVersionDate "2008.03.04"]
[SourceQuality "1"]

1. e4 e6 2. d4 d5 3. e5 c5 4. c3 Nc6 5. Nf3 cxd4 6. cxd4 Bb4+ 7. Nc3 a6 8. Bd3 h6 9. 0-0 Nge7 10. a3 Bxc3 11. bxc3 b5 12. Nd2 Na5 13. a4 Bd7 14. Ba3 bxa4 15. Bxe7 Kxe7 16. Bc2 Bb5 17. Qb1 Nb3 18. Nxb3 axb3 19. Qxb3 Qd7 20. Rfe1 Rhc8 21. Qa3+ Ke8 22. Re3 Qe7 23. Qc1 Rc7 24. Rg3 Qf8 25. h4 Rac8 26. Qd2 Kd8 27. h5 Rc6 28. f4 f5 29. exf6 Qxf6 30. Re1 R8c7 31. Re5 Rf7 32. Rf3 Bc4 33. Bg6 Re7 34. f5 Qh4 35. Rf4 Qg3 36. f6 gxf6 37. Rxf6 Rb6 38. Rf3 Qg4 39. Qxh6 Rb2 40. Qf8+ Kd7 41. Rf2 Qd1+ 42. Kh2 Rxf2 43. Qxf2 Qg4 44. Rf5 Bd3 45. Rf4 Qd1 46. Qg3 Bxg6 47. Qxg6 Qd2 48. Rg4 Qf2 49. h6 Qf7 50. Qxf7 Rxf7 51. Rg8 Ke7 52. g4 Rh7 53. Ra8 Rxh6+ 54. Kg3 Rh1 55. Rxa6 Rc1 56. Rc6 Kf6 57. Rc8 Kg5 58. Rg8+ Kf6 59. Kf4 Rxc3 60. g5+ Kf7 61. Ra8 Rd3 62. Ke5 Re3+ 63. Kd6 Re4 64. Kc5 Rg4 65. Ra7+ Kg6 66. Re7 Re4 67. Kd6 Kf5 68. g6 Kxg6 69. Rxe6+ Kf5 70. Re5+ Rxe5 71. dxe5 d4 72. e6 d3 73. e7 d2 74. e8Q d1Q+ 1/2-1/2